<?xml version="1.0" encoding="UTF-8"?><?xml-stylesheet type="text/xsl" href="static/style.xsl"?><OAI-PMH xmlns="http://www.openarchives.org/OAI/2.0/" xmlns:xsi="http://www.w3.org/2001/XMLSchema-instance" xsi:schemaLocation="http://www.openarchives.org/OAI/2.0/ http://www.openarchives.org/OAI/2.0/OAI-PMH.xsd"><responseDate>2026-04-14T03:55:38Z</responseDate><request verb="GetRecord" identifier="oai:www.recercat.cat:2445/218953" metadataPrefix="marc">https://recercat.cat/oai/request</request><GetRecord><record><header><identifier>oai:recercat.cat:2445/218953</identifier><datestamp>2025-12-05T14:55:09Z</datestamp><setSpec>com_2072_1057</setSpec><setSpec>col_2072_478917</setSpec><setSpec>col_2072_478924</setSpec></header><metadata><record xmlns="http://www.loc.gov/MARC21/slim" xmlns:dcterms="http://purl.org/dc/terms/" xmlns:xsi="http://www.w3.org/2001/XMLSchema-instance" xmlns:doc="http://www.lyncode.com/xoai" xsi:schemaLocation="http://www.loc.gov/MARC21/slim http://www.loc.gov/standards/marcxml/schema/MARC21slim.xsd">
   <leader>00925njm 22002777a 4500</leader>
   <datafield ind2=" " ind1=" " tag="042">
      <subfield code="a">dc</subfield>
   </datafield>
   <datafield ind2=" " ind1=" " tag="720">
      <subfield code="a">Vidal Carou, Ma. Carmen</subfield>
      <subfield code="e">author</subfield>
   </datafield>
   <datafield ind2=" " ind1=" " tag="720">
      <subfield code="a">Veciana Nogués, María Teresa</subfield>
      <subfield code="e">author</subfield>
   </datafield>
   <datafield ind2=" " ind1=" " tag="720">
      <subfield code="a">Toro Funes, Natalia</subfield>
      <subfield code="e">author</subfield>
   </datafield>
   <datafield ind2=" " ind1=" " tag="720">
      <subfield code="a">Sánchez Pérez, Sònia</subfield>
      <subfield code="e">author</subfield>
   </datafield>
   <datafield ind2=" " ind1=" " tag="260">
      <subfield code="c">2025-02-19T08:57:42Z</subfield>
   </datafield>
   <datafield ind2=" " ind1=" " tag="260">
      <subfield code="c">2025-02-19T08:57:42Z</subfield>
   </datafield>
   <datafield ind2=" " ind1=" " tag="260">
      <subfield code="c">2024-02-15</subfield>
   </datafield>
   <datafield ind2=" " ind1=" " tag="260">
      <subfield code="c">2025-02-19T08:57:43Z</subfield>
   </datafield>
   <datafield ind2=" " ind1=" " tag="520">
      <subfield code="a">&lt;p>En las últimas décadas, el interés por la vitamina D ha aumentado exponencialmente, debido, sobre todo, a que &lt;a href="https://pubmed.ncbi.nlm.nih.gov/33924215/" target="_blank" style="color:rgb( 75 , 75 , 78 )" rel="nofollow noopener noreferrer">su déficit se ha asociado a múltiples enfermedades&lt;/a> y a que parece existir una elevada deficiencia de este micronutriente en la población general.&lt;/p>&lt;p>Desde la identificación de la estructura química de la vitamina D en 1930, se han producido importantes avances en la investigación sobre sus &lt;a href="https://pubmed.ncbi.nlm.nih.gov/15585789/" target="_blank" style="color:rgb( 75 , 75 , 78 )" rel="nofollow noopener noreferrer">funciones en el organismo&lt;/a>. Inicialmente, los estudios se centraron en el papel de este compuesto y sus metabolitos en la homeostasis del calcio y el metabolismo óseo.&lt;/p>&lt;p>Más tarde, con el descubrimiento de la 25-hidroxivitamina D &lt;a href="https://pubmed.ncbi.nlm.nih.gov/4303482/" target="_blank" style="color:rgb( 75 , 75 , 78 )" rel="nofollow noopener noreferrer">(25(OH)D)&lt;/a>, en 1968, y de la 1,25-hidroxivitamina D &lt;a href="https://pubmed.ncbi.nlm.nih.gov/4323790/" target="_blank" style="color:rgb( 75 , 75 , 78 )" rel="nofollow noopener noreferrer">(1,25(OH)2D)&lt;/a>, después, las investigaciones se ampliaron y se focalizaron en el rol que desempeña en la aparición de enfermedades inmunológicas, infecciones, cáncer y dolencias crónicas no transmisibles (afecciones cardiovasculares, obesidad, diabetes tipo 2, etc.).&lt;/p>&lt;p>Actualmente, no hay dudas respecto a que la vitamina D interviene en los mecanismos de regulación del sistema inmunológico. De hecho, &lt;a href="https://pubmed.ncbi.nlm.nih.gov/38008066/" target="_blank" style="color:rgb( 75 , 75 , 78 )" rel="nofollow noopener noreferrer">su déficit está relacionado con un peor pronóstico de la infección por covid-19&lt;/a>.&lt;/p></subfield>
   </datafield>
   <datafield tag="653" ind2=" " ind1=" ">
      <subfield code="a">Vitamina D</subfield>
   </datafield>
   <datafield tag="653" ind2=" " ind1=" ">
      <subfield code="a">Vitamines</subfield>
   </datafield>
   <datafield tag="653" ind2=" " ind1=" ">
      <subfield code="a">Vitamin D</subfield>
   </datafield>
   <datafield tag="653" ind2=" " ind1=" ">
      <subfield code="a">Vitamins</subfield>
   </datafield>
   <datafield ind2="0" ind1="0" tag="245">
      <subfield code="a">Mitos y realidades sobre la vitamina D: ¿estamos abusando de los complementos</subfield>
   </datafield>
</record></metadata></record></GetRecord></OAI-PMH>